[Event "Benidorm op U2000 14th"]
[Site "Benidorm"]
[Date "2015.11.29"]
[Round "2"]
[White "Martinez Dourado, Daniel"]
[Black "Martinez Magan, Jose Manuel"]
[Result "1-0"]
[WhiteElo "1783"]
[BlackElo "1945"]
[PlyCount "31"]
[EventDate "2015.11.28"]
[EventType "swiss"]
[EventRounds "10"]
[EventCountry "ESP"]
[SourceTitle "CBM 169 Extra"]
[Source "ChessBase"]
[SourceDate "2015.12.18"]
[SourceVersion "1"]
[SourceVersionDate "2015.12.18"]
[SourceQuality "1"]

1. e4 d5 2. exd5 Qxd5 3. d4 Nf6 4. c4 Qd8 5. Nc3 c6 6. Nf3 Bg4 7. Be2 e6 8. 0-0 Bd6 9. Ne5 Bxe2 10. Qxe2 0-0 11. Bg5 Be7 12. Rad1 Re8 13. Rfe1 Qc8 14. Rd3 Na6 15. Rh3 Rf8 16. Ne4 1-0

[Event "Almeria-ch"]
[Site "Nijar"]
[Date "2002.02.09"]
[Round "5"]
[White "Blanco Galvez, Julian"]
[Black "Martinez Magan, Jose Manuel"]
[Result "1/2-1/2"]
[WhiteElo "2145"]
[BlackElo "2065"]
[PlyCount "98"]
[EventDate "2002.02.02"]
[EventType "swiss"]
[EventRounds "8"]
[EventCountry "ESP"]
[SourceTitle "CBM 086 Extra"]
[Source "ChessBase"]
[SourceDate "2002.03.14"]
[SourceVersion "1"]
[SourceVersionDate "2002.03.14"]
[SourceQuality "1"]

1. c4 e5 2. Nc3 d6 3. Nf3 g6 4. d4 Bg7 5. g3 c6 6. Bg2 Ne7 7. 0-0 0-0 8. h3 Nf5 9. d5 c5 10. e3 a6 11. a3 Nd7 12. Rb1 a5 13. Nd2 Nf6 14. b4 axb4 15. axb4 b6 16. Qb3 Bd7 17. Bb2 Qc7 18. b5 Rfe8 19. Ra1 Qb7 20. Nde4 Nxe4 21. Nxe4 Qc7 22. Ra4 Ne7 23. Rfa1 Rxa4 24. Rxa4 h6 25. Qa2 Nc8 26. Qa1 f5 27. Nd2 Re7 28. Ra8 Kh7 29. Bf3 Be8 30. Ra6 Bd7 31. g4 Rf7 32. Kg2 Qd8 33. Be2 fxg4 34. hxg4 Qg5 35. Ne4 Qe7 36. Qh1 Kg8 37. Ra8 Rf8 38. Bc3 Qf7 39. f3 Qe7 40. Be1 g5 41. Bd3 Qf7 42. Be2 Qg6 43. Qh3 Qf7 44. Ra1 Be8 45. Bd2 Qb7 46. Ra3 Bg6 47. Bd3 Qf7 48. Ra8 Qb7 49. Ra1 Qf7 1/2-1/2

[Event "Almeria-ch"]
[Site "Nijar"]
[Date "2002.02.09"]
[Round "4"]
[White "Martinez Magan, Jose Manuel"]
[Black "Cano Sanchez, Josue"]
[Result "1-0"]
[WhiteElo "2065"]
[BlackElo "2306"]
[PlyCount "71"]
[EventDate "2002.02.02"]
[EventType "swiss"]
[EventRounds "8"]
[EventCountry "ESP"]
[SourceTitle "CBM 086 Extra"]
[Source "ChessBase"]
[SourceDate "2002.03.14"]
[SourceVersion "1"]
[SourceVersionDate "2002.03.14"]
[SourceQuality "1"]

1. e4 c5 2. Nf3 d6 3. d4 Nf6 4. Nc3 cxd4 5. Nxd4 g6 6. Be3 Bg7 7. f3 0-0 8. Qd2 Nc6 9. 0-0-0 d5 10. Nxc6 bxc6 11. exd5 Nxd5 12. Nxd5 cxd5 13. Bh6 Bxh6 14. Qxh6 Qa5 15. Kb1 Bf5 16. Bd3 Bxd3 17. Rxd3 e6 18. f4 Qc7 19. h4 Rfc8 20. Rc1 Qe7 21. h5 Qf8 22. Qg5 Rc5 23. hxg6 hxg6 24. g4 Qg7 25. Qh4 Rb8 26. b3 Rc4 27. Qg3 Rbb4 28. a3 Rb5 29. Ka2 a5 30. f5 Re4 31. Rc3 Qf8 32. f6 Rc5 33. Rxc5 Qxc5 34. Qb8+ Qf8 35. Qh2 Qd8 36. g5 1-0